00371nam a2200133Ia 4500008004100000020001500041041001200056082001600068100002100084245007700105260002500182300000900207650002100216221030s9999 xx 000 0 und d a8120314453 aEnglish a105.23bHor aM. N. Horenstein 0aMicroelectronic Circuits & Devices ( DEPARTMENTAL )cby M. N. Horenstein bPHIaNew Delhic1997 a1126 aECE Departmental